[Event "EuTCh"]
[Site "Leon ESP"]
[Date "2001.11.15"]
[Round "9"]
[White "Milov,V"]
[Black "Papaioannou,I"]
[Result "1/2-1/2"]
[WhiteElo "2602"]
[BlackElo "2591"]
[EventDate "2001.11.06"]

1. d4 Nf6 2. c4 e6 3. Nc3 Bb4 4. e3 c5 5. Nge2 cxd4 6. exd4 d5 7. a3 Be7 8.
Nf4 O-O 9. cxd5 Nxd5 10. Ncxd5 exd5 11. Bd3 Nc6 12. O-O Bg5 13. Re1 h6 14.
Bc2 Be6 15. g3 Ne7 16. h4 Bf6 17. Nh5 Bf5 18. Bf4 Qb6 19. Nxf6+ Qxf6 20.
Be5 Qg6 21. h5 Bxc2 22. hxg6 Bxd1 23. gxf7+ Rxf7 24. Raxd1 Rc8 25. Rc1 Rxc1
26. Rxc1 Nc6 27. Kg2 h5 28. f4 Kh7 29. Rh1 Kg6 30. Kf3 Rf8 31. g4 hxg4+ 32.
Kxg4 Ne7 33. Rh5 Kf7 34. Rh7 Ke6 35. Rxg7 b5 36. Kf3 Rf7 37. Rg2 Rh7 38.
Ke3 Rh3+ 39. Kd2 Kf5 40. Kc2 Nc6 41. Rg7 b4 42. axb4 Nxb4+ 43. Kd2 a5 44.
Rg5+ 1/2-1/2

[Event "EuTCh"]
[Site "Leon ESP"]
[Date "2001.11.15"]
[Round "9"]
[White "Banikas,H"]
[Black "Gallagher,Jo"]
[Result "1/2-1/2"]
[WhiteElo "2526"]
[BlackElo "2511"]
[EventDate "2001.11.06"]

1. d4 Nf6 2. c4 g6 3. Nc3 Bg7 4. e4 d6 5. Nf3 O-O 6. Be2 e5 7. O-O Nc6 8.
dxe5 dxe5 9. Bg5 Qxd1 10. Rfxd1 Bg4 11. Rac1 h6 12. Be3 Rfd8 1/2-1/2

[Event "EuTCh"]
[Site "Leon ESP"]
[Date "2001.11.15"]
[Round "9"]
[White "Halkias,S"]
[Black "Ekstroem,R"]
[Result "1-0"]
[WhiteElo "2519"]
[BlackElo "2495"]
[EventDate "2001.11.06"]

1. d4 d5 2. c4 e6 3. Nc3 Nf6 4. Bg5 Be7 5. e3 h6 6. Bxf6 Bxf6 7. Nf3 O-O 8.
Rc1 c6 9. Bd3 Nd7 10. cxd5 exd5 11. h4 g6 12. h5 g5 13. Kf1 Bg7 14. e4 dxe4
15. Nxe4 Nf6 16. Nexg5 Bg4 17. Qd2 Qd6 18. Ne5 Rad8 19. Nxg4 Nxg4 20. Nf3
f5 21. Rh4 Kh8 22. Bxf5 Rxf5 23. Rxg4 Rxh5 24. Kg1 c5 25. Qa5 Qd7 26. Re4
b6 27. Qe1 Bxd4 28. Nxd4 cxd4 29. Re7 Qd6 30. Qe4 Qh2+ 31. Kf1 Qh1+ 32. Ke2
d3+ 33. Qxd3 1-0

[Event "EuTCh"]
[Site "Leon ESP"]
[Date "2001.11.15"]
[Round "9"]
[White "Dydyshko,V"]
[Black "Navara,D"]
[Result "0-1"]
[WhiteElo "2516"]
[BlackElo "2499"]
[EventDate "2001.11.06"]

1. Nf3 Nf6 2. g3 g6 3. Bg2 Bg7 4. O-O O-O 5. d3 c5 6. e4 Nc6 7. c3 e5 8.
Nbd2 b6 9. Nc4 d6 10. a3 Bb7 11. Bg5 h6 12. Bxf6 Bxf6 13. b4 Re8 14. Qb3 d5
15. Ne3 d4 16. Nd5 dxc3 17. Qxc3 Nd4 18. Nxd4 cxd4 19. Qb3 Rc8 20. Rac1 Qd6
21. Nxf6+ Qxf6 22. Bh3 Qf3 23. Bxc8 Bxe4 24. Qxf7+ Kxf7 25. dxe4 Qxe4 26.
Ba6 Qf3 27. Rfd1 Qxa3 28. Bd3 e4 29. Bc4+ Kf6 30. Ra1 Qxb4 31. Rxd4 Rc8 32.
Rad1 Rxc4 33. Rd6+ Ke7 0-1

[Event "EuTCh"]
[Site "Leon ESP"]
[Date "2001.11.15"]
[Round "9"]
[White "Votava,J"]
[Black "Azarov,S"]
[Result "0-1"]
[WhiteElo "2503"]
[BlackElo "2490"]
[EventDate "2001.11.06"]

1. e4 e5 2. Nf3 Nc6 3. Bc4 Bc5 4. c3 Nf6 5. d3 d6 6. Bb3 a6 7. h3 Ba7 8.
Nbd2 O-O 9. Qe2 Ne7 10. Nh4 Be6 11. Ndf3 Qd7 12. Bc2 c5 13. g4 Nc6 14. Nf5
d5 15. Ng5 Rad8 16. Ng3 b5 17. a4 b4 18. O-O a5 19. Kg2 c4 20. Nxe6 fxe6
21. dxc4 d4 22. Rd1 Qf7 23. cxb4 d3 24. Rxd3 Rxd3 25. Bxd3 Nd4 26. Qf1 Nb3
27. Ra3 Nxc1 28. Bb1 Nd7 29. Qxc1 Qxf2+ 30. Kh1 axb4 31. Rd3 Nc5 32. Re3
Rf3 0-1

[Event "EuTCh"]
[Site "Leon ESP"]
[Date "2001.11.15"]
[Round "9"]
[White "Baklan,V"]
[Black "Kempinski,R"]
[Result "1/2-1/2"]
[WhiteElo "2590"]
[BlackElo "2586"]
[EventDate "2001.11.06"]

1. e4 c5 2. Nf3 d6 3. Bb5+ Nd7 4. d4 Ngf6 5. Nc3 a6 6. Bxd7+ Nxd7 7. O-O e6
8. Bg5 f6 9. Be3 Be7 10. dxc5 dxc5 11. a4 b6 1/2-1/2

[Event "EuTCh"]
[Site "Leon ESP"]
[Date "2001.11.15"]
[Round "9"]
[White "Kozul,Z"]
[Black "Delchev,A"]
[Result "0-1"]
[WhiteElo "2569"]
[BlackElo "2634"]
[EventDate "2001.11.06"]

1. d4 d5 2. c4 c6 3. e3 Nf6 4. Nc3 a6 5. Bd3 dxc4 6. Bxc4 e6 7. Qf3 Bd6 8.
Nge2 O-O 9. g4 Nd5 10. h4 e5 11. g5 Be6 12. Bb3 Nd7 13. Ne4 Bb4+ 14. Kf1
Kh8 15. dxe5 Nxe5 16. Qg3 Ne7 17. Qxe5 Bxb3 18. axb3 Qd1+ 19. Kg2 Qxe2 20.
Ng3 Qd3 21. h5 f6 22. gxf6 gxf6 23. Qe6 Rae8 24. Qc4 Qd6 25. e4 b5 26. Qc2
a5 27. Rd1 Qe6 28. Bf4 Rg8 0-1

[Event "EuTCh"]
[Site "Leon ESP"]
[Date "2001.11.15"]
[Round "9"]
[White "Spasov,V"]
[Black "Cvitan,O"]
[Result "1/2-1/2"]
[WhiteElo "2569"]
[BlackElo "2550"]
[EventDate "2001.11.06"]

1. e4 c5 2. Nf3 d6 3. d4 cxd4 4. Nxd4 Nf6 5. Nc3 a6 6. Be3 e5 7. Nb3 Be6 8.
f3 Be7 9. Qd2 O-O 10. O-O-O Nbd7 11. g4 b5 12. g5 Nh5 13. Kb1 Nb6 14. Nd5
Bxd5 15. exd5 Qc7 16. Na5 Nxd5 17. Qxd5 Qxa5 18. c4 Rab8 19. cxb5 axb5 20.
Rg1 g6 21. Rg4 Ng7 22. Bd2 Qb6 23. Rb4 Ne6 24. Rxb5 Qf2 25. Rxb8 Rxb8 26.
Bc3 Bxg5 27. Bc4 Qxh2 28. Qc6 Qh3 29. a4 Be3 30. Rxd6 Qf5+ 31. Ka2 Bd4 32.
Rxe6 Bxc3 33. Re8+ Rxe8 34. Qxe8+ Kg7 35. bxc3 Qc2+ 36. Ka3 Qxc3+ 37. Bb3
Qc5+ 38. Kb2 Qd4+ 39. Kb1 Qg1+ 1/2-1/2

[Event "EuTCh"]
[Site "Leon ESP"]
[Date "2001.11.15"]
[Round "9"]
[White "Zelcic,R"]
[Black "Kolev,At"]
[Result "1/2-1/2"]
[WhiteElo "2547"]
[BlackElo "2571"]
[EventDate "2001.11.06"]

1. e4 c5 2. Nf3 d6 3. d4 cxd4 4. Qxd4 Nc6 5. Bb5 Bd7 6. Bxc6 Bxc6 7. Nc3
Nf6 8. Bg5 e6 9. O-O-O Be7 10. Qd3 Qa5 11. h4 h6 12. Bxf6 Bxf6 13. Nd4 Qb6
14. Qe3 O-O-O 15. Rd3 Bxd4 16. Rxd4 e5 17. Qh3+ Bd7 18. Rc4+ Kb8 19. Qg3
Be6 20. Ra4 g5 21. hxg5 hxg5 22. Rd1 Rh4 23. Qxg5 Rg4 24. Qe7 Rd7 25. Qe8+
Rd8 26. Qe7 Rd7 27. Qe8+ Rd8 1/2-1/2

[Event "EuTCh"]
[Site "Leon ESP"]
[Date "2001.11.15"]
[Round "9"]
[White "Cheparinov,I"]
[Black "Zaja,I"]
[Result "1-0"]
[WhiteElo "2461"]
[BlackElo "2476"]
[EventDate "2001.11.06"]

1. d4 Nf6 2. c4 e6 3. Nf3 Bb4+ 4. Nbd2 b6 5. a3 Bxd2+ 6. Bxd2 Bb7 7. g3 O-O
8. Bg2 d6 9. O-O Be4 10. b4 Nbd7 11. Qb3 c5 12. dxc5 bxc5 13. Rfd1 Qb6 14.
Qe3 Rac8 15. Rac1 Rfe8 16. Bh3 h6 17. Qf4 g5 18. Nxg5 hxg5 19. Qxg5+ Bg6
20. Bg2 Nh7 21. Qf4 e5 22. Qh6 Ndf6 23. Bh3 Rcd8 24. Be3 Qc7 25. Qh4 Qe7
26. g4 cxb4 27. axb4 Rb8 28. b5 Rb7 29. Bg2 Rc7 30. h3 Qe6 31. g5 Nd7 32.
Bd5 Qf5 33. Bc6 Qe6 34. Ra1 Rxc6 35. bxc6 Nb6 36. c5 dxc5 37. c7 Nd5 38.
Rxa7 Rc8 39. Bxc5 Qc6 40. Qg4 Rxc7 41. Rxd5 Rxa7 42. Rd8+ Kg7 43. Bxa7 Qc1+
44. Kh2 Nxg5 45. Be3 1-0

[Event "EuTCh"]
[Site "Leon ESP"]
[Date "2001.11.15"]
[Round "9"]
[White "Moreno Carnero,J"]
[Black "Kengis,E"]
[Result "1-0"]
[WhiteElo "2514"]
[BlackElo "2561"]
[EventDate "2001.11.06"]

1. e4 c5 2. Nf3 e6 3. d4 cxd4 4. Nxd4 a6 5. Be2 Nf6 6. Nc3 Qc7 7. O-O Bb4
8. Bg5 Bxc3 9. Bxf6 gxf6 10. bxc3 d6 11. f4 Nd7 12. Bh5 Nc5 13. Qg4 Kf8 14.
Rae1 e5 15. Qh4 exd4 16. Qxf6 Rg8 17. cxd4 Bh3 18. Bf3 Bxg2 19. Bxg2 Nxe4
20. Rxe4 Rxg2+ 21. Kxg2 Qxc2+ 22. Kf3 Qd3+ 23. Kf2 Qxe4 24. Qh6+ 1-0

[Event "EuTCh"]
[Site "Leon ESP"]
[Date "2001.11.15"]
[Round "9"]
[White "Miezis,N"]
[Black "Arizmendi Martinez,J"]
[Result "0-1"]
[WhiteElo "2501"]
[BlackElo "2503"]
[EventDate "2001.11.06"]

1. c4 e6 2. e4 d5 3. exd5 exd5 4. d4 Nf6 5. Nc3 Bb4 6. Bd3 O-O 7. Nf3 dxc4
8. Bxc4 Bg4 9. Be3 Nc6 10. O-O Rb8 11. Be2 Nd5 12. Bg5 Qd7 13. Rc1 h6 14.
Bd2 Rbe8 15. h3 Rxe2 16. Qxe2 Nxd4 17. Qe4 Nxf3+ 18. gxf3 Nf6 19. Qf4 Bxh3
20. Rfd1 Bd6 21. Qh4 Qf5 22. f4 g5 23. Qg3 Kh7 24. Kh2 gxf4 25. Qh4 f3+ 26.
Kh1 Bg2+ 27. Kg1 Ng4 28. Bxh6 Bh2+ 29. Qxh2 Nxh2 30. Rd5 Qh3 31. Ne4 Qxh6
32. Rcc5 Ng4 33. Rh5 f5 34. Rxc7+ Kg6 35. Rxh6+ Kxh6 36. Nd6 Kg5 37. Rxb7
Kg6 38. Re7 Rh8 39. Re6+ Nf6 0-1

[Event "EuTCh"]
[Site "Leon ESP"]
[Date "2001.11.15"]
[Round "9"]
[White "Del Rio Angelis,S"]
[Black "Krakops,M"]
[Result "1-0"]
[WhiteElo "2489"]
[BlackElo "2518"]
[EventDate "2001.11.06"]

1. e4 c5 2. Nf3 e6 3. d4 cxd4 4. Nxd4 a6 5. Nc3 b5 6. Bd3 Qb6 7. Nf3 Nc6 8.
O-O Nge7 9. Re1 Ng6 10. a4 Bc5 11. Be3 Bxe3 12. Rxe3 b4 13. Nd5 Qd8 14. a5
O-O 15. Nb6 Ra7 16. e5 f5 17. Nc4 Bb7 18. Bf1 Ba8 19. Qd6 Nce7 20. Nb6 f4
21. Rd3 Bxf3 22. Rxf3 Nc6 23. Re1 Rf5 24. Bc4 Kh8 25. Bd3 Rxe5 26. Rxe5
Ncxe5 27. Rh3 Qc7 28. Qd4 d5 29. Qxb4 Nxd3 30. Qa4 Qf7 31. Rxd3 Rc7 32. c3
h6 33. Qd4 Qf5 34. Rd1 f3 35. Qd3 Qxd3 36. Rxd3 fxg2 37. Rd4 Rc5 38. b4
Rxc3 39. Kxg2 e5 40. Rd1 Nf4+ 41. Kf1 d4 42. Nd7 e4 43. Nc5 e3 44. fxe3
dxe3 45. Re1 e2+ 46. Rxe2 Nxe2 47. Kxe2 Rc2+ 48. Kd3 Rxh2 49. Nxa6 Rg2 50.
Nc5 h5 51. a6 h4 52. b5 h3 53. b6 h2 54. b7 h1=Q 55. b8=Q+ Kh7 56. Qb7 Qd1+
57. Kc4 Rc2+ 58. Kb5 Rb2+ 59. Kc6 Qf3+ 60. Kc7 Qf4+ 61. Kc6 Rxb7 62. Nxb7
Qb8 1-0

[Event "EuTCh"]
[Site "Leon ESP"]
[Date "2001.11.15"]
[Round "9"]
[White "Meijers,V"]
[Black "Herraiz Lopez,H"]
[Result "1/2-1/2"]
[WhiteElo "2465"]
[BlackElo "2435"]
[EventDate "2001.11.06"]

1. e4 e6 2. d4 d5 3. exd5 exd5 4. Nf3 Bg4 5. h3 Bh5 6. Be3 Bd6 7. c4 dxc4
8. Bxc4 Nc6 9. O-O Nge7 10. Nc3 O-O 11. Be2 Nf5 12. Qd2 Qd7 13. Rad1 Rae8
14. d5 Bxf3 15. Bxf3 Ne5 16. Be2 Nxe3 17. Qxe3 a6 18. Rfe1 f5 19. Qd4 Qe7
20. Bf1 Qf6 21. Kh1 Qh6 22. Qd2 Qxd2 23. Rxd2 Ng6 24. Rde2 Rxe2 25. Bxe2
Re8 26. Rd1 Nf4 27. Bf1 g6 28. g3 Nh5 29. a3 Nf6 30. Kg2 Kf7 31. Kf3 Re5
32. Bc4 Ke7 33. Bb3 Ne4 34. Nxe4 1/2-1/2

[Event "EuTCh"]
[Site "Leon ESP"]
[Date "2001.11.15"]
[Round "9"]
[White "Stefansson,H"]
[Black "Ftacnik,L"]
[Result "1/2-1/2"]
[WhiteElo "2575"]
[BlackElo "2566"]
[EventDate "2001.11.06"]

1. e4 c5 2. Nf3 d6 3. d4 cxd4 4. Nxd4 Nf6 5. Nc3 a6 6. Be2 e6 7. O-O Be7 8.
f4 Qc7 9. Kh1 Nc6 10. Be3 O-O 11. Qe1 Nxd4 12. Bxd4 b5 13. a3 Bb7 14. Qg3
Bc6 15. Rad1 Rae8 16. Bf3 Kh8 17. e5 dxe5 18. fxe5 Nd7 19. Ne4 Bxe4 20.
Bxe4 f5 21. exf6 Qxg3 22. hxg3 Bxf6 23. g4 g5 24. Kg1 Bxd4+ 25. Rxd4 Rxf1+
26. Kxf1 Rf8+ 27. Ke2 Rf4 28. Rxd7 Rxe4+ 29. Kf3 Rc4 30. c3 Rf4+ 31. Kg3
Re4 32. Rd6 Re2 33. b4 a5 1/2-1/2

[Event "EuTCh"]
[Site "Leon ESP"]
[Date "2001.11.15"]
[Round "9"]
[White "Stohl,I"]
[Black "Gunnarsson,J"]
[Result "1/2-1/2"]
[WhiteElo "2534"]
[BlackElo "2386"]
[EventDate "2001.11.06"]

1. c4 Nf6 2. d4 c5 3. d5 b5 4. cxb5 a6 5. bxa6 g6 6. Nc3 Bxa6 7. g3 d6 8.
Bg2 Nbd7 9. Nf3 Bg7 10. O-O O-O 11. Qc2 Ng4 12. Rd1 Qa5 13. Bd2 Rfb8 14. h3
Nge5 15. Nxe5 Bxe5 16. e3 Bg7 17. b3 Qa3 18. Bc1 Qb4 19. Bd2 Qa3 20. Rab1
Ne5 21. Bc1 Qb4 22. a3 Qa5 23. Na2 Rb7 24. Bb2 Rab8 25. Nc1 Nc4 26. Bxg7
Kxg7 27. Ra1 Ne5 28. Qd2 Qb6 29. Qc3 Kg8 30. f4 Nd7 31. Kh2 Ra7 32. e4 Bb5
33. e5 Rba8 34. a4 Ba6 35. Re1 Rb8 36. Ra2 Qb4 37. Qe3 Rab7 38. Rd2 Nb6 39.
exd6 exd6 40. f5 c4 41. Qh6 Nd7 42. fxg6 hxg6 43. Re4 Qc3 44. Rdd4 Nf6 45.
Ne2 Qb2 46. Rh4 Nh5 47. Rd2 Qg7 48. Qxg7+ Kxg7 49. bxc4 Rb4 50. Nc3 Rxc4
51. Rxc4 Bxc4 52. Nb5 Rb6 53. Rc2 Bxb5 54. Rb2 Nf6 55. axb5 Nd7 56. Bf1 Nf6
57. Bc4 Ne4 58. Bd3 1/2-1/2

[Event "EuTCh"]
[Site "Leon ESP"]
[Date "2001.11.15"]
[Round "9"]
[White "Likavsky,T"]
[Black "Kristjansson,S"]
[Result "0-1"]
[WhiteElo "2403"]
[BlackElo "2374"]
[EventDate "2001.11.06"]

1. d4 Nf6 2. c4 e6 3. Nc3 Bb4 4. Qc2 O-O 5. a3 Bxc3+ 6. Qxc3 b5 7. c5 Ne4
8. Qc2 f5 9. e3 a6 10. Nh3 Bb7 11. f3 Qh4+ 12. g3 Qe7 13. Bg2 Nf6 14. Bd2
d6 15. Rc1 Nc6 16. O-O Kh8 17. Qb3 e5 18. d5 Qf7 19. e4 Nd4 20. Qd3 fxe4
21. fxe4 Qh5 22. Kh1 dxc5 23. Rxc5 Bc8 24. Ng1 Bg4 25. Be1 Rad8 26. Rxc7
Bd1 27. h3 Bg4 28. Bb4 Rfe8 29. Be7 Rd7 30. Rxd7 Nxd7 31. Bh4 g5 32. hxg4
Qg6 33. Nf3 Nxf3 34. Qxf3 Rf8 35. Qxf8+ Nxf8 36. Rxf8+ Kg7 37. Rf5 gxh4 38.
gxh4 Qh6 39. Rg5+ Kh8 40. Bh3 Qxh4 41. Rh5 Qe1+ 42. Kh2 Qxe4 43. Bg2 Qxg4
44. Rh3 e4 45. b4 Qf4+ 46. Kg1 Qc1+ 47. Bf1 Qg5+ 48. Kf2 Qxd5 49. Re3 Kg7
50. Ke1 Qd4 51. Ke2 h5 52. Bg2 Qb2+ 53. Kf1 Qc1+ 54. Ke2 Qc2+ 55. Kf1 Qd1+
56. Re1 Qd3+ 57. Kf2 Qd2+ 58. Re2 Qf4+ 0-1

[Event "EuTCh"]
[Site "Leon ESP"]
[Date "2001.11.15"]
[Round "9"]
[White "Norri,J"]
[Black "Gashimov,V"]
[Result "1-0"]
[WhiteElo "2418"]
[BlackElo "2442"]
[EventDate "2001.11.06"]

1. d4 Nf6 2. c4 e6 3. Nc3 Bb4 4. e3 b6 5. Nge2 Bb7 6. a3 Be7 7. d5 d6 8.
Ng3 O-O 9. Be2 Re8 10. O-O Bf8 11. e4 e5 12. Be3 g6 13. Qd2 Nbd7 14. b4 h5
15. Bg5 Be7 16. f4 exf4 17. Qxf4 Kh8 18. Bxh5 Nxh5 19. Bxe7 Rxe7 20. Nxh5
gxh5 21. Qh6+ Kg8 22. Qg5+ Kf8 23. Qxh5 Ke8 24. e5 Qc8 25. e6 Kd8 26. Rxf7
Rxf7 27. Qxf7 c6 28. Re1 Kc7 29. exd7 Qd8 30. Re8 1-0

[Event "EuTCh"]
[Site "Leon ESP"]
[Date "2001.11.15"]
[Round "9"]
[White "Maki Uuro,Mi"]
[Black "Ibrahimov,R"]
[Result "1/2-1/2"]
[WhiteElo "2342"]
[BlackElo "2404"]
[EventDate "2001.11.06"]

1. d4 Nf6 2. Nf3 e6 3. c4 b6 4. g3 Bb7 5. Bg2 Be7 6. Nc3 Ne4 7. Nxe4 Bxe4
8. O-O O-O 9. Ne1 Bxg2 10. Nxg2 d5 11. cxd5 Qxd5 12. Nf4 Qb7 13. Be3 Nd7
14. Rc1 Rfd8 15. Qc2 c5 16. dxc5 Nxc5 17. Bxc5 1/2-1/2

[Event "EuTCh"]
[Site "Leon ESP"]
[Date "2001.11.15"]
[Round "9"]
[White "Damljanovic,B"]
[Black "David,Alb"]
[Result "1/2-1/2"]
[WhiteElo "2569"]
[BlackElo "2522"]
[EventDate "2001.11.06"]

1. Nf3 Nf6 2. c4 e6 3. d4 d5 4. Nc3 Be7 5. Bg5 O-O 6. e3 h6 7. Bh4 b6 8.
Bd3 Bb7 9. O-O Nbd7 10. Qe2 Ne4 11. Bg3 c5 12. cxd5 exd5 13. Rfd1 Ndf6 14.
a4 a6 15. Bxe4 dxe4 16. Ne5 cxd4 17. Rxd4 Qc8 18. Nc4 Bc5 19. Nd6 Qd7 20.
Rd2 Qe7 21. Rad1 Rfd8 22. h3 a5 23. Nxb7 Rxd2 24. Rxd2 Qxb7 25. Be5 Be7 26.
Qb5 Rc8 27. Bxf6 Bxf6 28. Qd5 Qxd5 29. Nxd5 Rc1+ 30. Kh2 Be5+ 31. g3 Rb1
32. Nxb6 Bxb2 33. Rc2 Ba3 34. Nc4 Bb4 35. g4 Ra1 36. Nb6 g5 37. Kg2 Kg7 38.
Rc4 Ra2 39. Rxe4 Be1 40. Kf1 Bxf2 41. Nc4 Bg3 42. Nxa5 f5 43. gxf5 Kf6 44.
Nc6 Kxf5 45. Re8 Rxa4 46. Nd4+ Kf6 47. Re6+ Kf7 48. Rxh6 Be5 49. Nf5 g4 50.
hxg4 1/2-1/2

[Event "EuTCh"]
[Site "Leon ESP"]
[Date "2001.11.15"]
[Round "9"]
[White "Wagener,C"]
[Black "Ilincic,Z"]
[Result "0-1"]
[WhiteElo "2183"]
[BlackElo "2521"]
[EventDate "2001.11.06"]

1. e4 c5 2. Nf3 d6 3. d4 cxd4 4. Nxd4 Nf6 5. Nc3 a6 6. f4 Nbd7 7. a4 g6 8.
Nf3 Qc7 9. Bd3 Bg7 10. O-O O-O 11. Qe1 e6 12. Kh1 b6 13. Qh4 Bb7 14. f5
Rae8 15. Bh6 Nh5 16. Bxg7 Kxg7 17. g4 Nhf6 18. g5 Nh5 19. f6+ Kh8 20. Ne2
d5 21. Kg2 e5 22. Ng3 dxe4 23. Nxe4 Nc5 24. Nfd2 Rd8 25. Ra3 Rd4 26. Kg1
Qd7 27. Rf3 Rd8 28. a5 Nxe4 29. Nxe4 Rxe4 30. Bxe4 Qd1+ 31. Kg2 Rd2+ 32.
Rf2 Nf4+ 33. Kg3 Qg1+ 34. Kf3 Bxe4+ 35. Kxe4 Rxf2 36. Re3 Qh1+ 0-1

[Event "EuTCh"]
[Site "Leon ESP"]
[Date "2001.11.15"]
[Round "9"]
[White "Ivanisevic,I"]
[Black "Brittner,S"]
[Result "1-0"]
[WhiteElo "2547"]
[BlackElo "2202"]
[EventDate "2001.11.06"]

1. d4 c5 2. d5 Nf6 3. c4 e6 4. Nc3 exd5 5. cxd5 d6 6. e4 g6 7. Bd3 Bg7 8.
h3 O-O 9. Bg5 h6 10. Be3 Re8 11. Nf3 c4 12. Bc2 b5 13. a3 Bd7 14. O-O a5
15. Qd2 Kh7 16. Bd4 Ng8 17. Qf4 Qe7 18. Bxg7 Kxg7 19. Nd4 Ra6 20. Ndxb5 Rb6
21. a4 Na6 22. Rad1 Nf6 23. Qe3 Rb7 24. f4 Kh7 25. e5 Nb4 26. Bb1 Bf5 27.
Qf2 dxe5 28. fxe5 Qxe5 29. Rde1 Qb8 30. Rxe8 Nxe8 31. Bxf5 gxf5 32. Qxf5+
Kg7 33. d6 Qd8 34. Rf4 Nd3 35. Rg4+ Kh8 36. Rxc4 Qb6+ 37. Kh2 Nxd6 38. Qf6+
1-0

[Event "EuTCh"]
[Site "Leon ESP"]
[Date "2001.11.15"]
[Round "9"]
[White "Weber,Je"]
[Black "Kovacevic,A"]
[Result "0-1"]
[WhiteElo "2249"]
[BlackElo "2553"]
[EventDate "2001.11.06"]

1. d4 Nf6 2. c4 c5 3. d5 e6 4. Nc3 exd5 5. cxd5 d6 6. e4 g6 7. f4 Bg7 8.
Bb5+ Nfd7 9. a4 Qh4+ 10. g3 Qd8 11. Nf3 O-O 12. O-O a6 13. Bc4 Nb6 14. Ba2
Bg4 15. Qc2 N8d7 16. Bd2 Re8 17. Rae1 Rc8 18. Kg2 c4 19. Ng5 f6 20. h3 fxg5
21. hxg4 gxf4 22. gxf4 Qh4 23. Rf3 Qxg4+ 24. Rg3 Qh4 25. a5 Na8 26. Rh1 Qe7
27. Rgh3 Nf8 28. f5 b5 29. axb6 Nxb6 30. fxg6 hxg6 31. Bh6 Bxh6 32. Rxh6
Qg5+ 33. Kf1 Qf4+ 34. Qf2 Qxf2+ 35. Kxf2 Nbd7 36. Ke3 Ne5 37. Kd4 Kg7 38.
Nd1 Rc7 39. Ne3 Nf3+ 40. Kc3 Rxe4 41. Nxc4 Ne5 42. R6h4 Rxh4 43. Rxh4 Nfd7
44. Kb4 g5 45. Rd4 Rb7+ 46. Kc3 Nxc4 47. Rxc4 Ne5 48. Ra4 g4 49. Bb1 Rb6
50. Bd3 g3 51. Bf1 Kg6 52. Rh4 Kg5 53. Rh8 Kf4 54. Rf8+ Ke3 55. Bg2 Rb7 56.
Rf6 Rc7+ 57. Kb3 Rd7 58. Ka4 Rf7 59. Rxd6 Kf2 60. Re6 Nd3 61. Ka5 Kxg2 62.
Rxa6 Kf3 63. Rg6 Nf4 0-1

[Event "EuTCh"]
[Site "Leon ESP"]
[Date "2001.11.15"]
[Round "9"]
[White "Sturua,Z"]
[Black "Bogdanovski,V"]
[Result "1-0"]
[WhiteElo "2571"]
[BlackElo "2430"]
[EventDate "2001.11.06"]

1. e4 d6 2. d4 Nf6 3. Nc3 g6 4. g3 Bg7 5. Bg2 O-O 6. Nge2 e5 7. h3 c6 8. a4
exd4 9. Nxd4 Re8 10. O-O Na6 11. Re1 Nb4 12. Re2 d5 13. exd5 Nbxd5 14. Nxd5
Nxd5 15. Bg5 Qd7 16. c3 h6 17. Bd2 Nc7 18. a5 a6 19. Nb3 Rxe2 20. Qxe2 Qe6
21. Qxe6 Bxe6 22. Nc5 Bf8 23. Be3 Bxc5 24. Bxc5 Rd8 25. Bb6 Rd7 26. Bf1 h5
27. Bd4 Kf8 28. f3 Ke8 29. Kf2 Kd8 1-0

[Event "EuTCh"]
[Site "Leon ESP"]
[Date "2001.11.15"]
[Round "9"]
[White "Nedev,T"]
[Black "Supatashvili,K"]
[Result "0-1"]
[WhiteElo "2514"]
[BlackElo "2515"]
[EventDate "2001.11.06"]

1. e4 e6 2. d4 d5 3. Nd2 dxe4 4. Nxe4 Nd7 5. Bd3 Ngf6 6. Qe2 c5 7. Nxf6+
Nxf6 8. dxc5 Bxc5 9. Bd2 O-O 10. O-O-O Qc7 11. Nf3 b6 12. Ne5 Bb7 13. Kb1
Rfd8 14. f4 Rd4 15. c3 Rd6 16. Rhe1 Rad8 17. Bc2 g6 18. b4 Rxd2 19. Rxd2
Bd6 20. c4 Bxb4 21. Rxd8+ Qxd8 22. Rd1 Qe7 23. g4 Bc3 24. g5 Qb4+ 25. Bb3
Ne4 26. Nd3 Qa5 27. Qc2 Bd4 28. Kc1 Nc3 29. Rf1 Be4 30. h4 Qf5 31. Kd2 Qg4
32. Re1 Qg2+ 33. Kc1 Qg3 34. Rxe4 Nxe4 35. Qe2 Nc5 0-1

[Event "EuTCh"]
[Site "Leon ESP"]
[Date "2001.11.15"]
[Round "9"]
[White "Stamenkov,V"]
[Black "Mchedlishvili,M"]
[Result "0-1"]
[WhiteElo "2378"]
[BlackElo "2518"]
[EventDate "2001.11.06"]

1. d4 Nf6 2. Nf3 g6 3. g3 Bg7 4. Bg2 O-O 5. O-O d6 6. c4 Nbd7 7. Nc3 e5 8.
e4 c6 9. h3 Qa5 10. Re1 exd4 11. Nxd4 Re8 12. Nc2 Ne5 13. Qxd6 Nxc4 14. Qb4
Qxb4 15. Nxb4 Be6 16. Nd3 Rad8 17. Nf4 Bc8 18. Nfe2 b5 19. b3 Ne5 20. Bg5
h6 21. Bxf6 Bxf6 22. Red1 Nd3 23. Rab1 g5 24. Rd2 b4 25. Na4 Nf4 26. Rc2
Nxg2 27. Kxg2 Rxe4 28. g4 Ba6 29. Ng3 Bd3 30. Rbc1 Bxc2 31. Rxc2 Re6 32.
Nc5 Ree8 33. Nce4 Bc3 34. Nxc3 bxc3 35. Rxc3 Re6 36. Rc5 Rd5 37. Rc4 Kh7
38. Ra4 a5 39. Rc4 Rd2 40. Ra4 Re5 41. Rc4 Rxa2 42. Rxc6 Rb5 43. Nf5 Rxb3
44. Rxh6+ Kg8 45. Ne7+ Kf8 46. Nf5 Ke8 47. Nd6+ Ke7 48. Nf5+ Kd7 49. Rh7
Rbb2 50. Rxf7+ Ke6 51. Ra7 Rxf2+ 52. Kg3 Rfb2 53. Nd4+ Kd5 54. Rd7+ Ke4 55.
Nf3 Rg2+ 0-1

[Event "EuTCh"]
[Site "Leon ESP"]
[Date "2001.11.15"]
[Round "9"]
[White "Shaw,J"]
[Black "Dervishi,E"]
[Result "1/2-1/2"]
[WhiteElo "2499"]
[BlackElo "2501"]
[EventDate "2001.11.06"]

1. e4 e5 2. Nf3 Nc6 3. Bb5 a6 4. Bxc6 dxc6 5. O-O f6 6. d4 Bg4 7. dxe5 Qxd1
8. Rxd1 fxe5 9. Nbd2 Bd6 10. h3 Bh5 11. b3 Nf6 12. Bb2 O-O 13. g4 Bg6 14.
Nxe5 Bxe4 15. g5 Bxc2 16. gxf6 Bxd1 17. f7+ Kh8 18. Rxd1 Bxe5 19. Bxe5 Rxf7
20. Ne4 h6 21. f4 b6 22. Kg2 Re8 23. Kg3 Kg8 24. b4 Kf8 25. h4 Ra8 26. Rc1
a5 27. bxa5 Rxa5 28. Rxc6 Rxa2 29. Bxc7 b5 30. Be5 Rfa7 31. Rb6 Re2 32. Nd6
Ra3+ 33. Kg4 g6 34. f5 Rxe5 35. fxg6 Ra4+ 36. Kf3 Rxh4 37. Rb7 Rd4 38. Rf7+
Kg8 39. Nf5 Rxf5+ 40. Rxf5 b4 41. Rf7 Rd1 42. Rb7 Rb1 43. Kg4 b3 44. Kf5 b2
45. Rb8+ Kg7 46. Rb7+ Kf8 47. Rb8+ Kg7 1/2-1/2

[Event "EuTCh"]
[Site "Leon ESP"]
[Date "2001.11.15"]
[Round "9"]
[White "Seitaj,I"]
[Black "Muir,A"]
[Result "1-0"]
[WhiteElo "2386"]
[BlackElo "2313"]
[EventDate "2001.11.06"]

1. e4 c5 2. Nf3 Nc6 3. d4 cxd4 4. Nxd4 Nf6 5. Nc3 d6 6. Be2 g6 7. Nb3 Bg7
8. O-O O-O 9. f4 Be6 10. Bf3 Na5 11. Nd5 Nc4 12. c3 Rb8 13. Kh1 b5 14. Nd4
Bd7 15. b3 Na5 16. Be3 e6 17. Nxf6+ Bxf6 18. Qd2 Qc7 19. Rac1 Rfd8 20. Qf2
a6 21. f5 e5 22. Ne2 Bc6 23. Bh6 Qe7 24. Qe3 d5 25. exd5 Bxd5 26. Ng3 Nb7
27. Bxd5 Rxd5 28. Ne4 Bh8 29. Bg5 f6 30. fxg6 fxg5 31. Rf7 Qd8 32. Rcf1
hxg6 33. Qh3 Bg7 34. Qe6 Rd6 35. Rf8+ Kh7 36. Qh3+ 1-0

[Event "EuTCh"]
[Site "Leon ESP"]
[Date "2001.11.15"]
[Round "9"]
[White "Upton,T"]
[Black "Rama,L"]
[Result "1/2-1/2"]
[WhiteElo "2303"]
[BlackElo "2311"]
[EventDate "2001.11.06"]

1. e4 e5 2. Nf3 Nc6 3. c3 d6 4. d4 Be7 5. Bb5 Bd7 6. O-O Nf6 7. Re1 O-O 8.
Ba4 a6 9. Nbd2 b5 10. Bc2 Re8 11. Nf1 Bf8 12. h3 g6 13. dxe5 Nxe5 14. Nxe5
dxe5 15. Bg5 Be7 16. Ne3 Bc6 17. Qf3 Nd7 18. Bh6 Bf8 19. Bxf8 Rxf8 20. Rad1
Qe7 21. Bb3 Nf6 22. Bd5 Bxd5 23. Nxd5 Nxd5 24. Rxd5 Rad8 25. Red1 Rxd5 26.
Rxd5 1/2-1/2

[Event "EuTCh"]
[Site "Leon ESP"]
[Date "2001.11.15"]
[Round "9"]
[White "Quinn,M"]
[Black "Kotronias,V"]
[Result "1/2-1/2"]
[WhiteElo "2387"]
[BlackElo "2548"]
[EventDate "2001.11.06"]

1. c4 Nf6 2. g3 g6 3. Bg2 Bg7 4. Nc3 O-O 5. d3 d6 6. Rb1 a5 7. a3 c6 8. Nf3
d5 9. cxd5 cxd5 10. O-O Nc6 11. b4 axb4 12. axb4 d4 13. Na4 b5 14. Nc5 Nd5
15. Bd2 Ra3 16. Rb3 Ra7 17. Qb1 Qb6 18. Rc1 Rd8 19. h3 h6 20. Kh2 g5 21.
Ne1 Bf5 22. Ne4 Ne5 23. Rc5 Be6 24. e3 Nd7 25. Nc2 dxe3 26. fxe3 Nxc5 27.
bxc5 Qc7 28. d4 f5 29. Nc3 Nxc3 30. Rxc3 h5 31. Nb4 h4 32. Nc6 Ra2 33. Qe1
hxg3+ 34. Kh1 Rf8 35. Nb4 Rb2 36. Ra3 Bc4 37. Qc1 Rxb4 38. Bxb4 f4 39. exf4
gxf4 40. d5 Qe5 41. d6 exd6 42. cxd6 Bd5 43. Qd1 Bxg2+ 44. Kxg2 Qe4+ 45.
Qf3 Qc2+ 46. Kf1 Qb1+ 47. Kg2 Qb2+ 48. Kf1 Qb1+ 49. Kg2 Qc2+ 50. Kf1 Qc4+
51. Kg2 Rf5 52. d7 Qc2+ 53. Kf1 g2+ 54. Qxg2 Qd1+ 55. Be1 Qxd7 56. Qe4 Re5
57. Ra8+ Kf7 58. Qf3 Bf6 59. Bb4 Be7 60. Bc3 Qd5 61. Qxd5+ Rxd5 62. Rb8 Ke6
63. Ke2 Bd6 64. Re8+ Kd7 65. Re4 Rh5 66. Bb4 Be5 67. h4 Kc6 68. Be7 Kd5 69.
Rb4 Ke6 70. Bg5 Bf6 71. Rxb5 Bxg5 72. hxg5 Rh3 1/2-1/2